00535nam a2200205 a 4500001001300000003000900013005001700022008004100039020000900080082001900089100002300108245002600131260003100157300000800188500003500196505003400231650002500265650001600290700002300306nice12345678IN_TiNIC20260116013723.0050524s1993 dela grp 000 0 eng  ac1500a297.24092bISL aIslahi, Mohd Yusuf aIn Quest of Knowledge aDelhibMaktaba Zikrac1993 a45p aincludes index and biblioraphy2 aAppendix, Bibliography, Index aIslam-Biography-Imam aImam Shafai1 aIslahi, Mohd Yusuf